000 00476nam a2200169Ia 4500
999 _c22605
_d22605
003 OSt
005 20200211145840.0
008 190216s9999||||xx |||||||||||||| ||und||
040 _coclc
082 _a954.84
_bMOH/K
100 _aSaid, Mohammed
_91919
245 0 _aKerala Muslim Charithram /
_cMohammed Said
260 _bAlhuda Book Stall,
_aCalicut:
_c1996.
300 _a218
650 _xHistory
942 _cBK
_2ddc
_h954.84
_iMOH/K
_k954.84
_mMOH/K